Manual prácticas de laboratorio de química (Registro nro. 15529)

Detalles MARC
000 -Cabecera
Campo de control interno 01018nam a2200229Ia 4500
005 - Fecha y hora del registro
control field 20260408124057.0
008 - Elementos de Longitud Fija
fixed length control field 260306t2008||||xx |||||||||||||| ||und||
041 ## - Idioma
Codigo Idioma ESP
082 ## - DEWEY y NOTACIÓN INTERNA
Dewey 542.1
Notación Interna C62
100 ## - AUTOR
Autor denominación Cifuentes Osorio, Gabriel Ricardo
Término de relación autor
245 #0 - TÍTULO DE MATERIAL BIBLIOGRÁFICO
Título Manual prácticas de laboratorio de química
260 ## - CIUDAD, EDITORIAL, AÑO
Año 2008
300 ## - DESCRIPCIÓN
N° Páginas 114 páginas :
Dimensiones 28 cm.
650 ## - TEMAS
Temas Generalidades
654 ## - PROGRAMAS
Programa Dpto. de Ciencias Naturales
856 ## - URL - UBICACIÓN
URI/URL: Enlace exacto del recurso <a href="https://itmsp.museknowledge.com/UCSP?url=https://www.ebooks7-24.com:443/?il=10292&pg=1">https://itmsp.museknowledge.com/UCSP?url=https://www.ebooks7-24.com:443/?il=10292&pg=1</a>
Nota pública: Versión digital <a href="Versión digital (2018)">Versión digital (2018)</a>
856 ## - URL - UBICACIÓN
URI/URL: Enlace exacto del recurso <a href="https://0u213vmgv-y-https-ebooks7--24-com.itmsp.museknowledge.com/biblioteca.aspx">https://0u213vmgv-y-https-ebooks7--24-com.itmsp.museknowledge.com/biblioteca.aspx</a>
Nota pública: Versión digital <a href="Véase además: Base de datos Ebook7-24">Véase además: Base de datos Ebook7-24</a>
856 ## - URL - UBICACIÓN
URI/URL: Enlace exacto del recurso <a href="https://0u23fvmh3-y-https-www-clinicalkey-com.itmsp.museknowledge.com/student/login">https://0u23fvmh3-y-https-www-clinicalkey-com.itmsp.museknowledge.com/student/login</a>
Nota pública: Versión digital <a href="Véase además: Base de datos ClinicalKey">Véase además: Base de datos ClinicalKey</a>
856 ## - URL - UBICACIÓN
URI/URL: Enlace exacto del recurso <a href="https://0u216vmhh-y-https-accessmedicina-mhmedical-com.itmsp.museknowledge.com/">https://0u216vmhh-y-https-accessmedicina-mhmedical-com.itmsp.museknowledge.com/</a>
Nota pública: Versión digital <a href="Véase además: Base de datos McGraw Hill Access Medicina">Véase además: Base de datos McGraw Hill Access Medicina</a>
942 ## - ELEMENTOS DE KOHA
Tipo de documento Libro
Nombre del creador Justo Noguera
Código de catalogador Justo Noguera
Esquema de clasificación Dewey Decimal Classification
Existencias
Codigo completo Registro Colección Copia número Disponibilidad Tipo de préstamo Biblioteca Actual Procedencia (Biblioteca) Ubicacón Fecha Ingreso Tipo de Adquisición Date last seen Total checkouts Price effective from Tipo de Item Estado del Material Fuente de Clasificación Damaged status Withdrawn status
542.1 C62 1024645 Universidad Católica San Pablo 1 Disponible Disponible Víctor Andrés Belaunde Víctor Andrés Belaunde Segundo piso 03/06/2026 Compra 06/03/2026   06/03/2026 Libro Bueno Dewey Decimal Classification